Ước lượng hàm lượng carbon tích lũy của rừng tràm trên nền đất sét tại Vườn Quốc gia U Minh Thượng : Luận văn tốt nghiệp cao học . Chuyên ngành Quản lý Tài nguyên và Môi trường
Nội dung đề tài nghiên cứu đánh giá đặc điểm cấu trúc của sinh khối rừng tràm trên nền đất sét ở Vườn Quốc gia U Minh Thượng. Định lượng hàm lượng carbon tích lũy ở một số loài thực vật ưu thế, như: cây tràm; thảm tươi dưới tán...
Bewaard in:
| Hoofdauteur: | |
|---|---|
| Formaat: | Boek |
| Taal: | Undetermined |
| Gepubliceerd in: |
Cần Thơ
Trường Đại học Cần Thơ
2013
|
| Onderwerpen: | |
| Tags: |
Voeg label toe
Geen labels, Wees de eerste die dit record labelt!
|
| Thư viện lưu trữ: | Trung tâm Học liệu Trường Đại học Cần Thơ |
|---|
| LEADER | 01425nam a2200229Ia 4500 | ||
|---|---|---|---|
| 001 | CTU_185290 | ||
| 008 | 210402s9999 xx 000 0 und d | ||
| 082 | |a 363.738 | ||
| 082 | |b T124 | ||
| 088 | |a 60850101 | ||
| 100 | |a Lê, Hoàng Tất | ||
| 245 | 0 | |a Ước lượng hàm lượng carbon tích lũy của rừng tràm trên nền đất sét tại Vườn Quốc gia U Minh Thượng : | |
| 245 | 0 | |b Luận văn tốt nghiệp cao học . Chuyên ngành Quản lý Tài nguyên và Môi trường | |
| 245 | 0 | |c Lê Hoàng Tất ; Trương Hoàng Đan (Hướng dẫn khoa học) | |
| 260 | |a Cần Thơ | ||
| 260 | |b Trường Đại học Cần Thơ | ||
| 260 | |c 2013 | ||
| 520 | |a Nội dung đề tài nghiên cứu đánh giá đặc điểm cấu trúc của sinh khối rừng tràm trên nền đất sét ở Vườn Quốc gia U Minh Thượng. Định lượng hàm lượng carbon tích lũy ở một số loài thực vật ưu thế, như: cây tràm; thảm tươi dưới tán tràm và các thành phần vật dụng của cây tràm tại địa bàn nghiên cứu. | ||
| 650 | |a Cac bon,Đất sét,Melaleuca,Clay,Carbon,Tràm | ||
| 904 | |i Thùy An | ||
| 910 | |a Trúc | ||
| 980 | |a Trung tâm Học liệu Trường Đại học Cần Thơ | ||